Diary of a wimpy kid : (Record no. 803174)
[ view plain ]
| 000 -LEADER | |
|---|---|
| fixed length control field | 00552nam a2200193Ia 4500 |
| 003 - CONTROL NUMBER IDENTIFIER | |
| control field | OSt |
| 005 - DATE AND TIME OF LATEST TRANSACTION | |
| control field | 20250416172301.0 |
| 008 - FIXED-LENGTH DATA ELEMENTS--GENERAL INFORMATION | |
| fixed length control field | 220927b |||||||| |||| 00| 0 eng d |
| 020 ## - INTERNATIONAL STANDARD BOOK NUMBER | |
| International Standard Book Number | 9780141358017 |
| 040 ## - CATALOGING SOURCE | |
| Original cataloging agency | SDCL |
| Transcribing agency | SDCL |
| Language of cataloging | eng |
| 041 ## - LANGUAGE CODE | |
| Source of code | eng |
| Language code of text/sound track or separate title | eng |
| 050 ## - LIBRARY OF CONGRESS CALL NUMBER | |
| Classification number | O-,3KIN Q4 LR |
| 100 ## - MAIN ENTRY--PERSONAL NAME | |
| Personal name | Kinney, Jeff |
| 245 #0 - TITLE STATEMENT | |
| Title | Diary of a wimpy kid : |
| Remainder of title | Greg Heffley's Journal |
| 260 ## - PUBLICATION, DISTRIBUTION, ETC. | |
| Place of publication, distribution, etc. | New York : |
| Name of publisher, distributor, etc. | Puffin Books, |
| Date of publication, distribution, etc. | 2014. |
| 300 ## - PHYSICAL DESCRIPTION | |
| Extent | 217p. |
| 942 ## - ADDED ENTRY ELEMENTS (KOHA) | |
| Koha item type | General Books |
| Source of classification or shelving scheme | Colon Classification (CC) |
| Suppress in OPAC | No |
| Withdrawn status | Lost status | Source of classification or shelving scheme | Damaged status | Not for loan | Home library | Current library | Date acquired | Source of acquisition | Serial Enumeration / chronology | Total Checkouts | Full call number | Barcode | Date last seen | Date last checked out | Price effective from | Koha item type |
|---|---|---|---|---|---|---|---|---|---|---|---|---|---|---|---|---|
| Colon Classification (CC) | South Campus Library | South Campus Library | 2022-09-28 | 106, 15/03/2018, Eastern Media | Pt.1:217p. | 2 | O-,3KIN Q4 LR | SC1624090 | 2026-02-04 | 2026-01-19 | 2022-09-28 | General Books |
